LEADER 01115nam--2200397---450- 001 990001833820203316 005 20060605155541.0 010 $a88-7004-050-X 035 $a000183382 035 $aUSA01000183382 035 $a(ALEPH)000183382USA01 035 $a000183382 100 $a20040708d1983----km-y0itay0103----ba 101 0 $aita 102 $aIT 105 $aa|||||||001yy 200 1 $a<> neurobiologia$edalla cellula nervosa al cervello$fa cura di Aldo Fasolo 210 $aMilano$cLe scienze$d1983 215 $a271 p.$cill.$d29 cm 225 2 $aLetture da Le scienze 410 0$12001$aLetture da Le scienze 454 1$12001 461 1$1001-------$12001 606 0 $aCellule nervose 676 $a611.8 702 1$aFASOLO,$bAldo 801 0$aIT$bsalbc$gISBD 912 $a990001833820203316 951 $aColl. AUH 8$b19875 L.M.$cColl. AUH 959 $aBK 969 $aGIU 979 $aSIAV4$b10$c20040708$lUSA01$h1440 979 $aPATRY$b90$c20060605$lUSA01$h1554 979 $aPATRY$b90$c20060605$lUSA01$h1555 996 $aNeurobiologia$9113848 997 $aUNISA LEADER 01747nam0 2200397 i 450 001 VAN0068219 005 20211117020324.989 010 $a978-35-408-5817-1 100 $a20090318d2009 |0itac50 ba 101 $aeng 102 $aDE 105 $a|||| ||||| 200 1 $aLower central and dimension series of groups$fRoman Mikhailov, Inder Bir Singh Passi 210 $aBerlin$cSpringer$d2009 215 $aXXI, 346 p.$d24 cm 300 $aPubblicazione disponibile anche in formato elettronico 461 1$1001VAN0102250$12001 $aLecture notes in mathematics$1210 $aBerlin [etc.]$cSpringer$v1952 500 1$3VAN0234654$aLower central and dimension series of groups$9774026 606 $a20-XX$xGroup theory and generalizations [MSC 2020]$3VANC019715$2MF 606 $a18Gxx$xHomological algebra in category theory, derived categories and functors [MSC 2020]$3VANC021293$2MF 610 $aDEX$9KW:K 610 $aGroup rings$9KW:K 610 $aGroup theory$9KW:K 610 $aGroups$9KW:K 610 $aSimplical Objects$9KW:K 620 $dBerlin$3VANL000066 700 1$aMikhailov$bRoman$3VANV054027$0315665 701 1$aPassi$bInder Bir Singh$3VANV054028$058117 712 $aSpringer $3VANV108073$4650 801 $aIT$bSOL$c20240614$gRICA 856 4 $uhttps://doi.org/10.1007/978-3-540-85818-8$zhttps://doi.org/10.1007/978-3-540-85818-8 899 $aBIBLIOTECA DEL DIPARTIMENTO DI MATEMATICA E FISICA$1IT-CE0120$2VAN08 912 $aVAN0068219 950 $aBIBLIOTECA DEL DIPARTIMENTO DI MATEMATICA E FISICA$d08PREST 20-XX 2764 $e08 8498 I 20090528 996 $aLower Central and Dimension Series of Groups$9774026 997 $aUNICAMPANIA